| 000 | 01008cam a2200301 a 4500 | ||
|---|---|---|---|
| 001 | 485825 | ||
| 005 | 20210224124745.0 | ||
| 008 | 840406s1984 gw 001 0 ger | ||
| 010 | _a 84146418 | ||
| 020 |
_a3406094783 : _cDM18.80 |
||
| 040 |
_aDLC _cTZ-ArACH |
||
| 041 | _aGerman | ||
| 043 | _ae-gw--- | ||
| 050 | 0 | 0 |
_aKK985 _b.A52 1966 |
| 110 | 1 | _aGermany. | |
| 240 | 1 | 0 | _aBürgerliches Gesetzbuch |
| 245 | 1 | 0 |
_aBürgerliches Gesetzbuch und zugehörige Gesetze : _bTextausgabe mit Verweisungen und Sachverzeichnis. |
| 246 |
_aCivil Code and associated laws : _btext output with references (Germany) |
||
| 250 | _a99., völlig neubearbeitete Aufl. nach dem Stand vom 1. November 1983. | ||
| 260 |
_aMünchen : _bBeck, _c1966. |
||
| 300 |
_axxvii, 1098 p. ; _c17 cm. |
||
| 490 | 0 | _aBeck'sche Textausgaben | |
| 500 | _aIncludes index. | ||
| 504 | _aIndex (sachverzeichnis) | ||
| 650 | 0 |
_aCivil law _zGermany (West) |
|
| 906 |
_a7 _bcbc _corignew _d3 _encip _f19 _gy-gencatlg |
||
| 942 |
_2lcc _cBOOK |
||
| 999 |
_c6153 _d6153 |
||